Postaw na milion 118 - Statystyki

Ogólne statystyki
  • Ten quiz został rozwiązany 16 razy
  • Średni wynik to 4 z 10
Statystyki odpowiedzi
Zagadnienie Odpowiedź % Poprawnych
Zgodnie z popularnym wojskowym powiedzeniem saper myli się... tylko raz
100%
Co najczęściej kupowały przez Internet osoby ankietowane przez CBOS w ramach badania "Internauci 2014"? odzież lub obuwie
73%
Nazwa której rasy psów brzmi tak samo jak nazwa pustyni w Ameryce Północnej, stanu w Meksyku oraz tytuł piosenki DJ Bobo? chihuahua
67%
Które z tych informacji o sobie udostępniają w sieci najczęściej Polacy badani przez CBOS w lipcu 2015 roku? zdjęcie z widoczną twarzą
33%
Ścieg używany do prowizorycznego zszywania materiału to: fastryga
27%
Na terytorium którego państwa znajduje się największe jezioro Unii Europejskiej? Szwecja
27%
Który z wymienionych gazów nie jest palny? argon
20%
Która z tych cnot wg Katechizmu Kościoła Katolickiego nie należy do 4 cnót kardynalnych (głównych)? wiara
20%
Według rankingu magazynu Forbes muzykiem, który w 2014 roku zarobił najwięcej, jest: Dr. Dre
13%
Obdarzone urzekającym głosem syreny z mitologii greckiej przedstawiano w starożytności jako: drapieżne ptaki z głową kobiety
7%
Nie znaleziono quizów pasujących do podanych kryteriów
Rozkład punktacji
Procent ludzi z każdym wynikiem
Percentyl według liczby udzielonych odpowiedzi
Twoja historia wyników
Nie rozwiązałeś tego quizu